00606nam a2200205Ia 4500003000400000005001700004008004100021020001800062040001800080041000800098082002100106100002100127245007700148250001200225260004300237300002300280650002100303650003300324650004300357OSt20240701114727.0210716s2019 xx 000 0 und d a9789353285906 cAIMIT LIBRARY aeng a374.22 21bROBS aRory, Simon Mac. aWake up ans smell the coffee: bImperative of teams/cBy Simon Mac rORY. a1st ed. aNew Delhi ;bSage Publications ,c2019 a242p. ;bPBc27 cm aSmell the coffee aMaking a great cup of coffee aWhat kind of coffee do we have anyway.